000 00282nam a22001217a 4500
008 170327b xxu||||| |||| 00| 0 eng d
041 _aeng
080 _28TH
_a615.83
100 _a8
101 _aSHM
245 _aMANAGING CONTRACEPTIVE PILL PATIENTS
_cDICKEY, R.P
942 _2udc
_cBK
999 _c8729
_d8729